County Durham Places - Sudden Death - Statistics

General Stats
  • This quiz has been taken 39 times
  • The average score is 7 of 10
Answers on the Grid
Answers color-coded by a green-red scale on the quiz's grid according to % correct below.
Barnard Castle
Basingstoke
Berwick-upon-Tweed
Bridlington
Cheltenham
Chester-le-Street
Consett
Durham
Keswick
Lancaster
Lanchester
Market Drayton
Newton Aycliffe
Ripon
Seaham
Sedgefield
Spennymoor
Stanley
Thetford
Thirsk
 
Answer Stats
Answer % Correct
Durham
94%
Chester-le-Street
90%
Spennymoor
87%
Newton Aycliffe
77%
Barnard Castle
68%
Seaham
68%
Consett
65%
Stanley
58%
Sedgefield
55%
Lanchester
39%
No matching quizzes found
Score Distribution
Percent of People with Each Score
Percentile by Number Answered
Your Score History
You have not taken this quiz